Responses for show #1700 - Friday, January 10, 1992

Contestants

[<< previous game]

Bill Dunn, a grad student originally from Harrisonville, Missouri

Patricia Ford-Smith, a postal inspector from Fresno, California

Liz MacGillicuddy-Lucas, an actress originally from Hollywood, California (whose 1-day cash winnings total $1,799)

[next game >>]

Jeopardy! Round responses

THE SOUTH
NUMBER, PLEASE
THE FUNNIES
BROTHERS
HEADGEAR
POTPOURRI
(Alex: And in NUMBER PLEASE all of the correct responses will be a number.)
    $100 3
tobacco

Liz
    $100 9
300

Patricia
    $100 11
Dennis the Menace

Patricia
    $100 16
(Bill: Who are the Posts?)

Kellogg

LizBill
    $100 13
a crown

Bill
    $100 1
Bicycling

Patricia
    $200 7
the Hatfields & the McCoys

Bill
    $200 10
90210

Liz
    $200 12
(Patricia: Who is Beetle Bailey?)

Steve Canyon

LizPatricia
    $200 17
the CIA (Central Intelligence Agency)

Bill
    $200 26
(Patricia: What is a beret?)

a beanie

LizPatricia
    $200 2
a kilt

Bill
    $300 8
Alex: Wilderness Trail, can we accept that? Yep, Wilderness Trail or [*].)

Wilderness Road (Wilderness Trail accepted)

Liz
    $300 19
100

Patricia
    $300 22
Beetle Bailey

Bill
    $300 18
Washington

Patricia
    $300 27
a sombrero

Bill
    $300 4
(Bill: What is smell?)

sight

LizBill
    $400 14
the Okefenokee

Patricia
    $600 20
(Patricia: What are 11?)
(Alex, Oh, sorry. You're shy by 6. [*] is the correct response.

17

Patricia
    $400 23
Van Pelt

Liz
    $400 25
(Bill: What is Hills Brothers Cough Drops?)
...
(Alex: Hills Brothers is the coffee.)
[Note: Neither Patricia nor Alex mentions the name "Smith". Alex brings it up just before revealing the FJ! clue.]

cough drops

PatriciaBill
    $400 28
a tricorn hat

Liz
    $400 5
Neapolitan

Liz
    $500 15
parishes

Liz
    $500 21
36

Bill
    $500 24
[Note: Liz clearly speaks a "g" at the end of Marryin'.]

Marrying Sam

Liz
    $500 30
Joseph Haydn

Liz
    $500 29
(Patricia: What is a bowler?)

a homberg

PatriciaBill
    $500 6
(Patricia: What is Hogarth?)

Hobart

PatriciaBill

Scores at the first commercial break (after clue 15):

Liz Patricia Bill
$2,000 $0 $700

Scores at the end of the Jeopardy! Round:

Liz Patricia Bill
$4,100 -$300 $2,000

Double Jeopardy! Round responses

NOTABLE NAMES
BIOLOGY
BUSINESS & INDUSTRY
SPIES
NEWFOUNDLAND
SONNETS
    $200 1
Alexander Graham Bell

Bill
    $200 16
suture

Liz
    $200 6
Gallo

Patricia
    $200 9
Nathan Hale

Bill
    $200 8
moose

Patricia
    $200 15
Italy

Patricia
    $400 2
Rutherford

Patricia
    $400 18
sleeping sickness

Bill
    $400 7
Wendy's

Bill
    $400 10
(Daniel) Defoe

Liz
    $400 11
the Vikings

Liz
    $400 17
Shakespeare

Bill
    $600 3
Remington

Patricia
    $600 26
clot

Patricia
    $600 24
paint

Patricia
    $600 19
The Falcon and the Snowman

Liz
    $600 12
Labrador

Bill
    $600 20
John Milton

Liz
    $800 4
Irving Stone

Liz
    $800 27
fluoride

Bill
    $800 25
Delaware

Bill
    $800 22
Major Andre

Bill
    $800 13
(Patricia: What are glaciers?)

airports

PatriciaBill
    $800 21
Spenser

Bill
    $1000 5
Chief Joseph

Patricia
    $6,000 28
(Bill: What is the tongue?)
(Alex: Oh, did you have a second choice?)
(Bill: I would say [*].)
(Alex: Yeah, that should have been your first choice, because the pinna is the external part of the [*].)

ear

Bill
    $1,000 29
(Bill: What is Dairyland?)

Land O'Lakes

Bill
    $1000 23
(Bill: Who are the Polhills?)

the Walkers

Bill
Triple Stumper
    $1000 14
(Bill: What is Brunswick?)

St. Johns

LizBill
    $1000 30
Edna St. Vincent Millay

Triple Stumper

Scores at the end of the Double Jeopardy! Round:

Liz Patricia Bill
$8,100 $2,700 -$800
(lock game)

[wagering suggestions for these scores]

Final Jeopardy! Round responses

AMERICAN DRAMA
PatriciaWhat is Our Town?
$2,700
LizWhat is "Our Town"?
$500
Our Town

Final scores:

Liz Patricia Bill
$8,600 $5,400 -$800
2-day champion: $10,399 2nd place: Ingleside Inn Palm Springs vacation + Sergio Tacchini active wear 3rd place: Pro-Form Equalizer exercise bike + NES and games

Game dynamics:

Coryat scores:

Liz Patricia Bill
$8,100 $3,300 $6,200
20 R,
0 W
15 R,
6 W
(including 1 DD)
20 R,
7 W
(including 2 DDs)

Combined Coryat: $17,600

The J! Archive is created by fans, for fans. The Jeopardy! game show and all elements thereof, including but not limited to copyright and trademark thereto, are the property of Jeopardy Productions, Inc. and are protected under law. This website is not affiliated with, sponsored by, or operated by Jeopardy Productions, Inc. Join the discussion at JBoard.tv.